De Bom - Doe Maar (Lyrics) - Statistics

General Stats
  • This quiz has been taken 18 times
  • The average score is 229 of 271
Answer Stats
Answer % Correct
bom
100%
c
100%
de
100%
m
100%
valt
100%
voor
100%
voordat
100%
aan
89%
als
89%
ben
89%
bent
89%
cheques
89%
dan
89%
diploma
89%
diploma's
89%
e
89%
en
89%
flatgebouwen
89%
gekend
89%
heb
89%
het
89%
ik
89%
in
89%
is
89%
je
89%
jij
89%
jou
89%
lig
89%
maken
89%
mijn
89%
moet
89%
naast
89%
nette
89%
niet
89%
nooit
89%
onder
89%
op
89%
pak
89%
ren
89%
stad
89%
van
89%
von
89%
weten
89%
wie
89%
wil
89%
woordenschat
89%
zak
89%
agenda
78%
carriere
78%
een
78%
er
78%
geeft
78%
geen
78%
halen
78%
huiswerk
78%
komt
78%
kwadraat
78%
laat
78%
maar
78%
nog
78%
of
78%
polis
78%
rent
78%
toch
78%
toekomst
78%
vallen
78%
veilig
78%
weet
78%
wel
78%
werken
78%
ziekenfonds
78%
alles
67%
aus
67%
außer
67%
awoei
67%
brand
67%
denken
67%
even
67%
heel
67%
leven
67%
ook
67%
relaties
67%
succes
67%
te
67%
tegen
67%
tijd
67%
verzekerd
67%
want
67%
door
56%
liever
56%
salaris
56%
zu
56%
mit
44%
nach
44%
bei
33%
seit
22%
zuwieder
22%
entgegen
11%
nebst
11%
nächst
0%
sammt
0%
No matching quizzes found
Score Distribution
Percent of People with Each Score
Percentile by Number Answered
Your Score History
You have not taken this quiz